Who broke the baby? / (Record no. 9239)
[ view plain ]
| 000 -LEADER | |
|---|---|
| fixed length control field | 01071cam a2200265 i 4500 |
| 001 - CONTROL NUMBER | |
| control field | 5493209 |
| 003 - CONTROL NUMBER IDENTIFIER | |
| control field | OCoLC |
| 005 - DATE AND TIME OF LATEST TRANSACTION | |
| control field | 20210109175607.0 |
| 008 - FIXED-LENGTH DATA ELEMENTS--GENERAL INFORMATION | |
| fixed length control field | 790921s1979 mnu b 000 0 eng |
| 010 ## - LIBRARY OF CONGRESS CONTROL NUMBER | |
| LC control number | 79022683 |
| 020 ## - INTERNATIONAL STANDARD BOOK NUMBER | |
| International Standard Book Number | 0871236087 |
| 020 ## - INTERNATIONAL STANDARD BOOK NUMBER | |
| International Standard Book Number | 9780871236081 |
| 035 ## - SYSTEM CONTROL NUMBER | |
| System control number | (OCoLC)5493209 |
| 040 ## - CATALOGING SOURCE | |
| Original cataloging agency | DLC |
| Language of cataloging | eng |
| Transcribing agency | DLC |
| Modifying agency | WY@ |
| -- | P4I |
| -- | OCLCO |
| -- | MZN |
| 050 00 - LIBRARY OF CONGRESS CALL NUMBER | |
| Classification number | HQ766.2 |
| Item number | .G37 |
| 090 ## - LOCALLY ASSIGNED LC-TYPE CALL NUMBER (OCLC); LOCAL CALL NUMBER (RLIN) | |
| Classification number (OCLC) (R) ; Classification number, CALL (RLIN) (NR) | HQ766.2 |
| Local cutter number (OCLC) ; Book number/undivided call number, CALL (RLIN) | .G37 1979 |
| 100 1# - MAIN ENTRY--PERSONAL NAME | |
| Personal name | Garton, Jean Staker |
| 245 10 - TITLE STATEMENT | |
| Title | Who broke the baby? / |
| Statement of responsibility, etc. | Jean Staker Garton |
| 260 ## - PUBLICATION, DISTRIBUTION, ETC. | |
| Place of publication, distribution, etc. | Minneapolis : |
| Name of publisher, distributor, etc. | Bethany Fellowship, |
| Date of publication, distribution, etc. | c1979 |
| 300 ## - PHYSICAL DESCRIPTION | |
| Extent | 108 p. ; |
| Dimensions | 21 cm |
| 504 ## - BIBLIOGRAPHY, ETC. NOTE | |
| Bibliography, etc. note | Includes bibliographical references |
| 505 0# - FORMATTED CONTENTS NOTE | |
| Formatted contents note | Seduction by semantics -- Every woman has a right to control her own body -- Every child a wanted child -- Termination of pregnancy -- Freedom to choose -- A fetus is not a person -- Eliminate the back alley : legalize abortion -- Abortion is a Catholic issue -- What about the difficult cases -- rape? abnormal child? -- The fallout -- The choice |
| 650 #0 - SUBJECT ADDED ENTRY--TOPICAL TERM | |
| Topical term or geographic name entry element | Abortion |
| General subdivision | Religious aspects |
| 942 ## - ADDED ENTRY ELEMENTS (KOHA) | |
| Source of classification or shelving scheme | Dewey Decimal Classification |
| Koha item type | Books |
| Withdrawn status | Lost status | Source of classification or shelving scheme | Damaged status | Not for loan | Collection code | Home library | Current library | Shelving location | Date acquired | Total Checkouts | Full call number | Barcode | Date last seen | Price effective from | Koha item type |
|---|---|---|---|---|---|---|---|---|---|---|---|---|---|---|---|
| Dewey Decimal Classification | Non-fiction | Harvest Mission College | Harvest Mission College | General Stacks | 14.01.2021 | 301 G244W | 010541 | 14.01.2021 | 14.01.2021 | Books |
